Geografia Islandii i Danii od A do Z - Statystyki

Ogólne statystyki
  • Ten quiz został rozwiązany 29 razy
  • Średni wynik to 18 z 23
Statystyki odpowiedzi
Litera Pytanie Odpowiedź % Poprawnych
D Od którego kraju w 1918 roku Islandia ogłosiła swoją niepodległość? Dania
96%
F Skwarzone płetwy, którego ssaka morskiego są islandzkim przysmakiem? Foka
96%
G Jaką nazwę nosi terytorium zależne Danii, największa wyspa na świecie? Grenlandia
96%
L Jaką nazwę nosi korporacja z duńskiego Billund produkująca plastikowe klocki, obecnie największa korporacja zabawkarska na świecie? Lego
96%
P Jaką nazwę nosi morze tworzące zachodnie wybrzeże Danii? Północne
96%
A Jaką nazwę nosi ocean otaczający Islandię? Atlantycki
92%
B Wybrzeże którego morza stanowi wschodnia część Danii Bałtyk
92%
J Jaką nazwę nosi półwysep na którym znajduje się kontynentalna część Danii? Jutlandzki
92%
K Jaką nazwę nosi obowiązująca na Islandii waluta? Korona islandzka
92%
M Do której Szwedzkiej metropolii dotrzemy mostem z Kopenhagi? Malmo
92%
U Członkiem której międzynarodowej organizacji jest Dania od 1973 roku. Unia Europejska
92%
T Jaką nazwę nosi bezdrzewna formacja roślinna kształtująca się w zimnych klimatach stref arktycznej i subarktycznej dominująca na Islandii? Tundra
88%
W Na Islandii jest ich przeszło 130 z czego 30 aktywnych. Wulkan
88%
C Kattegat, Sund, Wielki Bełt, Mały Bełt to nazwy tzw. duńskich...? Cieśnina
83%
Ż Te płazy zupełnie wymarły na Islandii w XIX wieku. Żaba
71%
H Jak miał na imię znany duński pisarz i poeta, twórca takich dzieł jak Mała Syrenka czy Opowieść Wigilijna? Hans
67%
I Jakim terminem określa się rdzenną ludność obszarów arktycznych w tym Grenlandii? Innuici
67%
N Jaką nazwę nosi stolica i jednocześnie największe miasto Grenlandii? Nuuk
67%
O Z jakim zwierzęciem należy kojarzyć nazwę należącego do Danii archipelagu na ocenia atlantyckim na północ od Wielkiej Brytanii? Owca
67%
Z Jaką nazwę nosi wyspa na której znajduje się Kopenhaga? Zelandia
67%
S Jaką╔ nazwę noszą opowieści i spisane powieści o zasiedlaniu Islandii z ery Wikingów? Saga islandzka
50%
R Które miasto jest stolicą Islandii? Rejkiawik
42%
E Wybuch którego islandzkiego wulkanu w 2010 sparaliżował ruch lotniczy w Europie i Kanadzie? -dla ułatwienia wystarczy podać pierwsze litery nazwy. Eyjafjallajökull
25%
Nie znaleziono quizów pasujących do podanych kryteriów
Rozkład punktacji
Procent ludzi z każdym wynikiem
Percentyl według liczby udzielonych odpowiedzi
Twoja historia wyników
Nie rozwiązałeś tego quizu